000 00762nam a2200217Ia 4500
005 20141209153025.0
010 _aBAC-CH25
020 _a9789350095478
_c375.00
035 _aB-557968-987
035 _aG-002779
037 _bTechniz/vender
082 _aS
100 _aAhmad, Sulaiman
245 _aAmar Aiyaar: king of tricksters /
_cSulaiman Ahmad
260 _c2012
_aGurgaon
_bHachette India
270 _a4th&5th floors, corporate center plot No.-94;sector-44
_bGurgaon
_e122003 (India)
300 _a322p.
_c17cm(pbk)
942 _cCH
_2ddc
_mAHM
_hS
999 _c86160
_d86160